|
|
|
|
| LEADER |
00851nam a2200229 a 4500 |
| 001 |
822553 |
| 008 |
100116s1975 stk b 000 0 eng d |
| 010 |
|
|
|a 76368255
|
| 020 |
|
|
|a 0852242492
|
| 040 |
|
|
|a DLC
|c DLC
|d DLC
|d BD-DhAAL
|
| 082 |
0 |
0 |
|a 301.2
|
| 100 |
1 |
|
|a Daniel, Norman.
|
| 245 |
1 |
4 |
|a The cultural barrier :
|b problems in the exchange of ideas /
|c Norman Daniel.
|
| 260 |
|
|
|a Edinburgh :
|b University Press,
|c c1975.
|
| 300 |
|
|
|a vii, 227 p. ;
|c 23 cm.
|
| 504 |
|
|
|a Includes bibliographical references.
|
| 541 |
1 |
|
|e 00000991
|
| 650 |
|
0 |
|a Intercultural communication.
|
| 650 |
|
0 |
|a Culture diffusion.
|
| 852 |
4 |
|
|a Ayesha Abed Library
|j General Shelf.
|
| 999 |
|
|
|c 7027
|d 7027
|
| 952 |
|
|
|0 0
|1 0
|2 ddc
|4 0
|6 301_200000000000000_DAN_1975
|7 0
|9 7282
|a BRACUL
|b BRACUL
|c GEN
|d 2010-01-17
|g 1036.50
|l 1
|o 301.2 DAN
|p 3010000991
|r 2012-10-14
|s 2012-09-09
|t 1
|w 2010-01-17
|y BK
|